000 00452nam a22001810a 4500
001 PT34727
003 AR-LpoUNG
005 20210131230212.0
008 191001suuuu||||ag |||||||||||||||||spa d
040 _aAR-LpoUNG
_bspa
_cAR-LpoUNG
_eaacr
041 _aspa
082 0 _a982.063 845año
100 1 _aRoth, Roberto
245 1 4 _aLos años de Onganía :
_brelato de un testigo
260 _as.l.
_bLa Campana,
_cs.f.
905 _a34727
942 _cLIB
999 _c2100
_d2100